| 000 | 00752na a2200253 4500 | ||
|---|---|---|---|
| 001 | 18263 | ||
| 003 | MIRAKIL | ||
| 005 | 20181213154854.0 | ||
| 008 | 161116b tu 000 0 | ||
| 035 | _a18263 | ||
| 040 |
_aMilas _btur _cTR-AnCHP |
||
| 041 | _atur | ||
| 082 |
_a338.27282 _bT96 1975 |
||
| 090 | _a338.27282 T96 1975 | ||
| 245 |
_aTürkiyede petrol sorunu _bArama, üretim, dağıtım _cTMMOB Jeoloji Mühendisleri Odası |
||
| 260 |
_aAnkara _bTMMOB _c1975 |
||
| 300 |
_a52 s. _c25 sm. |
||
| 650 |
_aPetrol _xDağıtım _ySorunlar |
||
| 650 |
_aPetrol _xArama _ySorunlar |
||
| 650 |
_aPetrol _xÜretim _ySorunlar |
||
| 651 |
_aTürkiye _xPetrol _ySorunlar |
||
| 710 | _aTürkiye Mimar ve Mühendisler Odası Birliği | ||
| 942 |
_2ddc _cBKS |
||
| 999 |
_c2348 _d2348 |
||